LIBRARY & INFORMATION CENTRE, KCAET, TAVANUR

ONLINE PUBLIC ACCESS CATALOGUE (OPAC)

Theory of machines: Kinematics and dynamics (Record no. 13664)

MARC details
000 -LEADER
fixed length control field 00323nam a22001217a 4500
020 ## - INTERNATIONAL STANDARD BOOK NUMBER
ISBN 9789380578705
082 ## - DEWEY DECIMAL CLASSIFICATION NUMBER
Classification number 621.801
Item number GUP/TH
100 ## - MAIN ENTRY--AUTHOR NAME
Personal name Gupta, B.V.R
245 ## - TITLE STATEMENT
Title Theory of machines: Kinematics and dynamics
260 ## - PUBLICATION, DISTRIBUTION, ETC. (IMPRINT)
Place of publication New Delhi
Name of publisher I.K International Publishing house Pvt. Ltd.
Year of publication 2011
300 ## - PHYSICAL DESCRIPTION
Number of Pages 519
942 ## - ADDED ENTRY ELEMENTS (KOHA)
Koha item type Books
Holdings
Withdrawn status Lost status Damaged status Collection code Home library Current library Shelving location Date acquired Source of acquisition Cost, normal purchase price Full call number Accession Number Koha item type
      Non-fiction KAUAET KAUAET General Stacks 31/03/2012 Cosmo Books, Calicut 245.00 621.801 GUP/TH 22451 Books
        KAUAET KAUAET Scheme 26/08/2016 Dream Tech Publishers & Book Sellers, Trivandrum. 245.00 621.801 GUP/TH BB 283 Book Bank scheme for SC students
free website counter